[Event "SR 1. liga zapad 2015/2016"]
[Site "?"]
[Date "2016.02.20"]
[Round "8.3"]
[White "Kovac, Andrej"]
[Black "Janko, Ladislav"]
[Result "0-1"]
[WhiteElo "2185"]
[BlackElo "2158"]
[PlyCount "86"]
[EventDate "2015.??.??"]

1. b3 Nf6 2. Bb2 d5 3. e3 e6 4. Nf3 Nbd7 5. d4 Bd6 6. Nbd2 O-O 7. Bd3 Re8 8.
Ne5 Nf8 9. f4 N6d7 10. Qh5 Qe7 11. O-O f6 12. Nxd7 Bxd7 13. e4 Qf7 14. Qxf7+
Kxf7 15. e5 Be7 16. g4 Kg8 17. Rae1 b5 18. c4 bxc4 19. bxc4 Rab8 20. Bc3 Bb4
21. Bxb4 Rxb4 22. Rb1 Reb8 23. cxd5 exd5 24. f5 fxe5 25. dxe5 Rxg4+ 26. Kf2
Rxb1 27. Rxb1 Bxf5 28. Bxf5 Rf4+ 29. Ke3 Rxf5 30. Kd4 Ng6 31. e6 Kf8 32. Rb7
Nf4 33. e7+ Ke8 34. Rxa7 Ne6+ 35. Ke3 Kxe7 36. a4 Kd6 37. a5 Rf8 38. Ra6+ c6
39. Ra7 Re8 40. a6 Nc7+ 41. Kd3 Rb8 42. Nf3 c5 43. Ng5 Kc6 0-1

[Event "SR 1. liga zapad 2015/2016"]
[Site "?"]
[Date "2016.02.20"]
[Round "8.3"]
[White "Cambel, Vladimir"]
[Black "Takacs, Laszlo"]
[Result "0-1"]
[WhiteElo "2049"]
[BlackElo "2182"]
[PlyCount "82"]
[EventDate "2015.??.??"]

1. Nf3 Nf6 2. c4 g6 3. g3 Bg7 4. Bg2 O-O 5. O-O d6 6. d4 Nc6 7. Nc3 a6 8. h3
Rb8 9. Qd3 b5 10. d5 Na5 11. cxb5 axb5 12. Nd4 b4 13. Ncb5 e5 14. dxe6 c5 15.
exf7+ Kh8 16. Bf4 cxd4 17. Bxd6 Bf5 18. e4 dxe3 19. Qe2 exf2+ 20. Rxf2 Qb6 21.
g4 Bd7 22. Bxf8 Rxf8 23. a4 bxa3 24. Nxa3 Rxf7 25. Kh1 Rf8 26. Raf1 Re8 27. Qd3
Bc6 28. Bf3 Re3 29. Qc2 Ne4 30. Rg2 Ng5 31. Bxc6 Rxh3+ 32. Rh2 Rxh2+ 33. Kxh2
Nxc6 34. Nc4 Qc7+ 35. Kg2 Ne5 36. Rf4 Qc6+ 37. Kg3 h6 38. Qe2 Qc7 39. Kg2 Qb7+
40. Kg3 Qe7 41. Kg2 Nd3 0-1

[Event "SR 1. liga zapad 2015/2016"]
[Site "?"]
[Date "2016.02.20"]
[Round "8.3"]
[White "Kosar, Mikulas Ml"]
[Black "Breja, Stanislav"]
[Result "1-0"]
[WhiteElo "1803"]
[BlackElo "1989"]
[PlyCount "49"]
[EventDate "2015.??.??"]

1. d4 d5 2. Nf3 Nf6 3. Bf4 e6 4. e3 Be7 5. Bd3 O-O 6. Nbd2 c5 7. c3 Nc6 8. Ne5
Nd7 9. Nxd7 Bxd7 10. h4 cxd4 11. exd4 Bf6 12. Qf3 e5 13. dxe5 Nxe5 14. Bxe5
Bxe5 15. O-O-O Be6 16. Bxh7+ Kxh7 17. Qh5+ Kg8 18. Qxe5 Qa5 19. a3 Rfe8 20. Qg5
Rac8 21. Ne4 b5 22. Nf6+ Kf8 23. Nxe8 Rxc3+ 24. Kb1 Rc6 25. Nxg7 1-0

[Event "SR 1. liga zapad 2015/2016"]
[Site "?"]
[Date "2016.02.20"]
[Round "8.4"]
[White "Zetocha, Claudiu"]
[Black "Dobrotka, Martin"]
[Result "1-0"]
[WhiteElo "2326"]
[BlackElo "2187"]
[PlyCount "87"]
[EventDate "2015.??.??"]

1. Nf3 Nf6 2. d4 g6 3. c4 Bg7 4. Nc3 d6 5. Bg5 h6 6. Bh4 O-O 7. e3 Na6 8. Be2
c5 9. O-O Qa5 10. Qd2 Re8 11. a3 Qc7 12. b4 cxd4 13. Nxd4 Qd7 14. Bd1 Nb8 15.
Ba4 Nc6 16. Nd5 g5 17. Bg3 Ne4 18. Qd3 f5 19. f3 Nxg3 20. hxg3 e6 21. Nc3 Rd8
22. Rad1 a6 23. g4 Qc7 24. gxf5 Nxd4 25. exd4 exf5 26. Nd5 Qf7 27. Nb6 Rb8 28.
Bb3 Kh8 29. Rfe1 Rf8 30. c5 Qg6 31. g4 Qf6 32. Nxc8 Rfxc8 33. Re6 Qf8 34. gxf5
dxc5 35. bxc5 Rd8 36. Qe4 Bf6 37. Kg2 Re8 38. Re1 Red8 39. d5 Rbc8 40. d6 Rxc5
41. d7 Kg7 42. Re8 Qd6 43. Rxd8 Bxd8 44. Qe8 1-0

[Event "SR 1. liga zapad 2015/2016"]
[Site "?"]
[Date "2016.02.20"]
[Round "8.4"]
[White "Hanko, Pavol"]
[Black "Janos, Martin"]
[Result "1-0"]
[WhiteElo "2145"]
[BlackElo "2258"]
[PlyCount "131"]
[EventDate "2015.??.??"]

1. d4 c5 2. d5 e5 3. e4 d6 4. Nc3 Nd7 5. Nf3 Be7 6. Be2 Ngf6 7. O-O O-O 8. Nh4
Re8 9. Nf5 Bf8 10. f4 exf4 11. Bxf4 Qb6 12. Ng3 Ne5 13. h3 a6 14. b3 Ng6 15.
Bg5 Nd7 16. Na4 Qc7 17. Nb2 Nde5 18. Nd3 Be7 19. Bxe7 Qxe7 20. Nf5 Qd8 21. Qd2
Nxd3 22. Bxd3 Re5 23. Rf2 f6 24. b4 Qc7 25. bxc5 Qxc5 26. Qe3 Qc3 27. Qd4 Qc7
28. Rb1 Bxf5 29. exf5 Nf8 30. Qb6 Re7 31. Re2 Qxb6+ 32. Rxb6 Rd7 33. c4 Rc8 34.
Reb2 Rcc7 35. c5 Rxc5 36. Rxb7 a5 37. R7b5 Rc3 38. R2b3 Rc1+ 39. Kh2 a4 40. Ra3
Rd1 41. Ra5 Rc7 42. R5xa4 Nd7 43. Be4 Nc5 44. Ra8+ Kf7 45. Bf3 Rd3 46. Bh5+ g6
47. R3a7 Rxa7 48. Rxa7+ Kf8 49. fxg6 hxg6 50. Bxg6 Rxd5 51. h4 Rd4 52. h5 Ne6
53. g3 Ng5 54. h6 Rd2+ 55. Kh1 Rd1+ 56. Kg2 Rd2+ 57. Kf1 Rh2 58. h7 Nxh7 59.
Bxh7 d5 60. g4 d4 61. Bf5 Ke8 62. Ke1 Rg2 63. a4 d3 64. a5 Kf8 65. a6 Ra2 66.
Bxd3 1-0

[Event "SR 1. liga zapad 2015/2016"]
[Site "?"]
[Date "2016.02.20"]
[Round "8.4"]
[White "Travenec, Igor"]
[Black "Lakatos, Vladimir"]
[Result "1-0"]
[WhiteElo "2192"]
[BlackElo "2063"]
[PlyCount "81"]
[EventDate "2015.??.??"]

1. e4 c5 2. Nf3 e6 3. d4 cxd4 4. Nxd4 a6 5. Nc3 Qc7 6. Be2 Bb4 7. Qd3 Nf6 8.
O-O Nc6 9. Bd2 Be7 10. Nxc6 dxc6 11. f4 O-O 12. Qg3 Rd8 13. Be3 b5 14. e5 Nd5
15. Nxd5 cxd5 16. Bd3 Bc5 17. Rae1 Bb7 18. f5 Bxe3+ 19. Rxe3 Qc5 20. f6 g6 21.
Qg5 Kf8 22. Rfe1 h5 23. a3 Ke8 24. Bxg6 fxg6 25. Qxg6+ Kd7 26. Qf7+ Kc8 27.
Qxe6+ Kc7 28. b4 Qxc2 29. R3e2 Qc3 30. Qf5 Qd4+ 31. Kh1 Qg4 32. Qxg4 hxg4 33.
e6 Bc6 34. e7 Rh8 35. f7 g3 36. e8=Q Bxe8 37. fxe8=Q Rxh2+ 38. Kg1 Rxe8 39.
Rxe8 Rh4 40. R8e7+ Kd8 41. Rg7 1-0

[Event "SR 1. liga zapad 2015/2016"]
[Site "?"]
[Date "2016.02.20"]
[Round "8.4"]
[White "Kaniansky, Miroslav"]
[Black "Janos, Jozef"]
[Result "1/2-1/2"]
[WhiteElo "2183"]
[BlackElo "2120"]
[PlyCount "29"]
[EventDate "2015.??.??"]

1. d4 Nf6 2. Nf3 g6 3. c4 Bg7 4. Nc3 d5 5. cxd5 Nxd5 6. e4 Nxc3 7. bxc3 c5 8.
Be3 O-O 9. Qd2 cxd4 10. cxd4 Bg4 11. Be2 Nc6 12. Rd1 Bxf3 13. Bxf3 e5 14. dxe5
Nxe5 15. Qxd8 1/2-1/2

[Event "SR 1. liga zapad 2015/2016"]
[Site "?"]
[Date "2016.02.20"]
[Round "8.4"]
[White "Mikulas, Dusan"]
[Black "Huba, Martin"]
[Result "1/2-1/2"]
[WhiteElo "2060"]
[BlackElo "2142"]
[PlyCount "83"]
[EventDate "2015.??.??"]

1. e4 Nf6 2. e5 Nd5 3. d4 d6 4. c4 Nb6 5. exd6 exd6 6. h3 Be7 7. Nf3 Bf5 8. Nc3
O-O 9. Be3 Nc6 10. d5 Ne5 11. Nd4 Bg6 12. b3 Bg5 13. Bxg5 Qxg5 14. Qd2 Qxd2+
15. Kxd2 Ned7 16. f4 h6 17. f5 Bh7 18. Bd3 a6 19. g4 Ne5 20. Be4 Nbd7 21. Rhg1
f6 22. Ne6 Rfc8 23. h4 g5 24. Raf1 Nf7 25. Rf2 Nde5 26. Ke3 c5 27. dxc6 bxc6
28. Rd2 Ra7 29. Bf3 Nxf3 30. Kxf3 Ne5+ 31. Ke3 Nxg4+ 32. Ke4 Re7 33. Rxd6 Rce8
34. Rxg4 Rxe6+ 35. Rxe6 Rxe6+ 36. Kd4 Bxf5 37. Rg1 g4 38. b4 Rd6+ 39. Kc5 Rd3
40. Ne2 Bd7 41. Nd4 f5 42. Nxc6 1/2-1/2

[Event "SR 1. liga zapad 2015/2016"]
[Site "?"]
[Date "2016.02.20"]
[Round "8.4"]
[White "Detko, Jan"]
[Black "Sulek, Viliam"]
[Result "0-1"]
[WhiteElo "2185"]
[BlackElo "2067"]
[PlyCount "72"]
[EventDate "2015.??.??"]

1. e4 c5 2. Nc3 Nc6 3. f4 e6 4. Nf3 a6 5. g3 Nge7 6. d3 d6 7. Bg2 g6 8. O-O Bg7
9. Be3 Bd7 10. Qd2 O-O 11. Rad1 Nd4 12. Nb1 Nxf3+ 13. Bxf3 Rc8 14. c3 Qc7 15.
d4 c4 16. Qg2 b5 17. g4 Rce8 18. h4 Kh8 19. Kh1 f5 20. gxf5 exf5 21. e5 dxe5
22. dxe5 Bc6 23. Rd6 Be4 24. Bxe4 fxe4 25. Qxe4 Nf5 26. Rc6 Qe7 27. Bf2 Qd7 28.
Rb6 Ne7 29. Qg2 Nf5 30. Rb7 Qd8 31. Qg4 Qd3 32. Rd1 Qe4+ 33. Qg2 Qxf4 34. Rdd7
Rxe5 35. Rf7 Re2 36. Rxf5 Qxf5 0-1

[Event "SR 1. liga zapad 2015/2016"]
[Site "?"]
[Date "2016.02.20"]
[Round "8.4"]
[White "Sturc, Jan"]
[Black "Reisel, Frantisek"]
[Result "1-0"]
[WhiteElo "2058"]
[BlackElo "2040"]
[PlyCount "79"]
[EventDate "2015.??.??"]

1. e4 d6 2. d4 Nf6 3. Nc3 c6 4. Nf3 Qc7 5. Bf4 Bg4 6. e5 Nh5 7. exd6 exd6 8.
Be3 d5 9. h3 Bxf3 10. Qxf3 Nf6 11. O-O-O Bd6 12. Bg5 Nbd7 13. Re1+ Kf8 14. Kb1
b5 15. Bd3 h6 16. Bc1 Nb6 17. g4 a5 18. h4 h5 19. g5 Ng4 20. Bf5 b4 21. Ne2 Nc4
22. Nf4 Kg8 23. g6 Rh6 24. Nxh5 Rxh5 25. gxf7+ Kf8 26. Re8+ Rxe8 27. fxe8=Q+
Kxe8 28. Bg6+ Kd8 29. Bxh5 Nf6 30. Bg6 c5 31. Bg5 Kc8 32. Qf5+ Kb8 33. Bxf6
gxf6 34. Qxd5 cxd4 35. Re1 Be5 36. Bd3 Nd6 37. Rg1 Ka7 38. Rg8 Nb7 39. h5 Nc5
40. h6 1-0

[Event "SR 1. liga zapad 2015/2016"]
[Site "?"]
[Date "2016.02.20"]
[Round "8.4"]
[White "Cabala, Nathan"]
[Black "Zetocha, Adrian"]
[Result "0-1"]
[WhiteElo "1833"]
[BlackElo "1791"]
[PlyCount "124"]
[EventDate "2015.??.??"]

1. e4 c5 2. Nf3 d6 3. d4 cxd4 4. Nxd4 Nf6 5. Nc3 g6 6. Be3 Bg7 7. f3 O-O 8. Qd2
Nc6 9. Be2 Nxd4 10. Bxd4 Be6 11. O-O Qa5 12. Rad1 Rfc8 13. Kh1 Bc4 14. f4 Nxe4
15. Nxe4 Qxd2 16. Rxd2 Bxe2 17. Rxe2 Bxd4 18. c3 Bg7 19. f5 Be5 20. fxg6 hxg6
21. Ng5 f6 22. Ne6 Kf7 23. Ng5+ Ke8 24. Ne6 Kd7 25. Nf4 Rh8 26. Nxg6 Rxh2+ 27.
Kg1 Rh7 28. Rf3 Rg8 29. Nf4 Rg4 30. Nd3 Rhg7 31. Nb4 a5 32. Nd5 b5 33. a3 Rh7
34. Rd3 Rhh4 35. Nb6+ Ke8 36. Rd5 b4 37. Rxa5 bxc3 38. Ra8+ Kf7 39. bxc3 Bxc3
40. Rxe7+ Kxe7 41. Nd5+ Kd7 42. Nxc3 Rh5 43. Ra7+ Ke6 44. Ra8 Rhg5 45. Re8+ Kd7
46. Re2 d5 47. a4 Rc4 48. Nb5 Rxa4 49. Rd2 Rag4 50. Nd4 Kd6 51. Nf3 Rg8 52. Nd4
Ke5 53. Nc6+ Ke4 54. Ne7 R8g5 55. Rf2 d4 56. Rxf6 Rxg2+ 57. Kh1 R2g4 58. Rh6 d3
59. Re6+ Kf3 60. Rf6+ Rf4 61. Rh6 d2 62. Rh3+ Rg3 0-1

[Event "SR 1. liga zapad 2015/2016"]
[Site "?"]
[Date "2016.02.20"]
[Round "8.5"]
[White "Motuz, Karol"]
[Black "Maslik, Miroslav"]
[Result "1/2-1/2"]
[WhiteElo "2295"]
[BlackElo "2339"]
[PlyCount "41"]
[EventDate "2015.??.??"]

1. d4 Nf6 2. Nf3 g6 3. Nc3 d5 4. Bf4 Bg7 5. e3 O-O 6. Be2 c6 7. Ne5 Nbd7 8. h4
Qb6 9. a3 Nxe5 10. Bxe5 Ne4 11. Bxg7 Nxc3 12. bxc3 Kxg7 13. Qd2 f6 14. O-O Qc7
15. c4 Be6 16. Qb4 dxc4 17. Bxc4 Bxc4 18. Qxc4 Rad8 19. e4 Qd6 20. c3 b6 21.
Rfe1 1/2-1/2

[Event "SR 1. liga zapad 2015/2016"]
[Site "?"]
[Date "2016.02.20"]
[Round "8.5"]
[White "Balogh, Tomas"]
[Black "Straka, Jozef Ml"]
[Result "1/2-1/2"]
[WhiteElo "2337"]
[BlackElo "2290"]
[PlyCount "43"]
[EventDate "2015.??.??"]

1. d4 d5 2. Nf3 Nf6 3. Bg5 e6 4. e3 Be7 5. c4 O-O 6. Nc3 Nbd7 7. Qc2 c6 8. Bd3
dxc4 9. Bxc4 Nd5 10. Bxe7 Qxe7 11. O-O Nxc3 12. Qxc3 b6 13. Rfd1 Bb7 14. Rac1
Rfd8 15. Be2 Rac8 16. b4 h6 17. Qb2 Ra8 18. Rd2 a5 19. b5 c5 20. Rcd1 Rac8 21.
dxc5 Nxc5 22. Rxd8+ 1/2-1/2

[Event "SR 1. liga zapad 2015/2016"]
[Site "?"]
[Date "2016.02.20"]
[Round "8.5"]
[White "Jakubek, Peter"]
[Black "Sahidi, Samir"]
[Result "0-1"]
[WhiteElo "2207"]
[BlackElo "2242"]
[PlyCount "112"]
[EventDate "2015.??.??"]

1. d4 f5 2. e4 fxe4 3. Nc3 Nf6 4. Bg5 g6 5. f3 exf3 6. Nxf3 Bg7 7. Bd3 b6 8.
Qe2 O-O 9. O-O Bb7 10. Rae1 Bxf3 11. Qxf3 Nc6 12. d5 Nb4 13. Bc4 Nxc2 14. Rxe7
d6 15. Rxg7+ Kxg7 16. Qd1 h6 17. Bxf6+ Rxf6 18. Qxc2 Rxf1+ 19. Bxf1 Qe7 20. Nb5
Qe3+ 21. Qf2 Qxf2+ 22. Kxf2 Kf6 23. Bd3 g5 24. a3 Ke5 25. Ke3 a5 26. Be4 Rf8
27. Nxc7 Rf1 28. Bd3 Re1+ 29. Kf2 Ra1 30. Na8 Ra2 31. Ke3 Rxb2 32. a4 Kxd5 33.
Be4+ Ke5 34. Nc7 d5 35. Bf3 d4+ 36. Kd3 Ra2 37. Na8 Ra3+ 38. Kd2 Rb3 39. Kc2
Rb4 40. Kd3 b5 41. Nb6 bxa4 42. Nc4+ Kf6 43. Bd5 h5 44. Bg8 h4 45. h3 Kf5 46.
Kxd4 a3 47. Kc3 a2 48. Ne3+ Kf4 49. Nc2 Ra4 50. Kb2 Kg3 51. Bd5 Rf4 52. Kxa2
Rf2 53. Kb3 Rxg2 54. Ne3 Rf2 55. Ng4 Rf4 56. Be6 Kxh3 0-1

[Event "SR 1. liga zapad 2015/2016"]
[Site "?"]
[Date "2016.02.20"]
[Round "8.5"]
[White "Macko, Miroslav"]
[Black "Obona, Jan"]
[Result "0-1"]
[WhiteElo "2193"]
[BlackElo "2225"]
[PlyCount "64"]
[EventDate "2015.??.??"]

1. e4 c5 2. Nf3 d6 3. d4 cxd4 4. Nxd4 Nf6 5. Nc3 a6 6. Be3 e5 7. Nb3 Be6 8. f4
Qc7 9. f5 Bc4 10. Qf3 b5 11. O-O-O Nbd7 12. g4 h6 13. h4 Rc8 14. Na1 b4 15. Nb1
Bxa2 16. g5 hxg5 17. hxg5 Rxh1 18. Qxh1 Ng4 19. Bg1 b3 20. c3 Qa5 21. Rd5 Qa4
22. Nd2 Rxc3+ 23. bxc3 Qa3+ 24. Kd1 b2 25. Nc2 Bb3 26. Qf3 Qa1+ 27. Ke2 Bxc2
28. Nb1 Qxb1 29. Qxg4 Bb3 30. Bh3 Bxd5 31. exd5 Qc2+ 32. Ke3 b1=Q 0-1

[Event "SR 1. liga zapad 2015/2016"]
[Site "?"]
[Date "2016.02.20"]
[Round "8.5"]
[White "Kukucka, Matej"]
[Black "Slacky, Stanislav"]
[Result "1/2-1/2"]
[WhiteElo "2142"]
[BlackElo "2171"]
[PlyCount "38"]
[EventDate "2015.??.??"]

1. d4 Nc6 2. d5 Ne5 3. e4 e6 4. dxe6 fxe6 5. Nc3 b6 6. Nf3 Nf7 7. e5 Bb7 8. Bf4
Bb4 9. Bd3 Ne7 10. Qe2 Nd5 11. Bd2 Nxc3 12. bxc3 Bc5 13. O-O O-O 14. Nd4 Qh4
15. f4 Nh6 16. Be1 Qg4 17. Qxg4 Nxg4 18. Bd2 Nh6 19. Kh1 g6 1/2-1/2

[Event "SR 1. liga zapad 2015/2016"]
[Site "?"]
[Date "2016.02.20"]
[Round "8.5"]
[White "Dujava, Daniel"]
[Black "Chovanec, Milan"]
[Result "1-0"]
[WhiteElo "2135"]
[BlackElo "2140"]
[PlyCount "109"]
[EventDate "2015.??.??"]

1. e4 c6 2. d4 d5 3. exd5 cxd5 4. c4 e6 5. Nc3 Nf6 6. Nf3 Nc6 7. c5 Ne4 8. Qc2
Qa5 9. a3 Nxc3 10. Bd2 g6 11. Bxc3 Qc7 12. b4 a6 13. Bd3 Bg7 14. O-O O-O 15.
Rfe1 Bd7 16. a4 Rfe8 17. b5 axb5 18. axb5 Rxa1 19. Rxa1 Ne7 20. Ra7 Nc8 21. Ra8
Ne7 22. Qa4 Rxa8 23. Qxa8+ Qc8 24. Qa7 f6 25. h4 Nf5 26. Bxf5 gxf5 27. c6 Bxc6
28. bxc6 Qxc6 29. Qa3 Kf7 30. Qb3 Bf8 31. Ne1 b5 32. Nc2 Bd6 33. g3 f4 34. Kg2
fxg3 35. fxg3 Qc4 36. Qxc4 bxc4 37. Ne3 Kg6 38. Kf3 Bc7 39. Ng2 Bd6 40. Nf4+
Kf7 41. Kg4 Bf8 42. Kh5 Bg7 43. Bb4 f5 44. Bc3 Ke7 45. Nh3 Kf6 46. Ng5 h6 47.
Nf3 Kf7 48. Ne5+ Bxe5 49. dxe5 Kg7 50. Bd4 Kh7 51. Be3 f4 52. gxf4 Kg7 53. Kg4
Kg6 54. h5+ Kf7 55. f5 1-0

[Event "SR 1. liga zapad 2015/2016"]
[Site "?"]
[Date "2016.02.20"]
[Round "8.5"]
[White "Capak, Stefan"]
[Black "Pytlik, Pavol"]
[Result "0-1"]
[WhiteElo "1992"]
[BlackElo "2089"]
[PlyCount "115"]
[EventDate "2015.??.??"]

1. d4 Nf6 2. Nf3 d6 3. g3 g6 4. Bg2 Bg7 5. O-O O-O 6. c4 c6 7. Nc3 Nbd7 8. Qc2
e5 9. dxe5 Nxe5 10. Nxe5 dxe5 11. e4 Qc7 12. b3 Be6 13. h3 Rfd8 14. Be3 Nh5 15.
Rad1 b6 16. Rxd8+ Rxd8 17. Rd1 Rd7 18. Kh2 Nf4 19. Bf1 Nh5 20. Rxd7 Qxd7 21.
Qd2 Bf8 22. Qxd7 Bxd7 23. Bd3 Ng7 24. Ne2 Ba3 25. Kg2 f6 26. f3 Kf7 27. g4 Ne6
28. Kf2 Bc5 29. Bxc5 Nxc5 30. Ke3 Ne6 31. h4 Ke7 32. Bc2 Kd6 33. b4 c5 34. b5
Nd4 35. Bd3 Bc8 36. Nc3 Be6 37. Ne2 f5 38. gxf5 gxf5 39. Kf2 f4 40. Nc3 Bf7 41.
Nb1 Bh5 42. Nd2 Ke6 43. Bf1 Kf6 44. Be2 Bf7 45. Bf1 Nc2 46. Be2 Ne3 47. a4 Kg6
48. Bd3 Kh5 49. a5 bxa5 50. Nb3 a4 51. Nxc5 a3 52. Bb1 Bxc4 53. Nd7 Bxb5 54.
Nxe5 Nd1+ 55. Ke1 Nc3 56. Kd2 Nxb1+ 57. Kc2 Nd2 58. Nf7 0-1

[Event "SR 1. liga zapad 2015/2016"]
[Site "?"]
[Date "2016.02.20"]
[Round "8.5"]
[White "Meszaros, Norbert"]
[Black "Belak, Stefan"]
[Result "1/2-1/2"]
[WhiteElo "2052"]
[BlackElo "1938"]
[PlyCount "62"]
[EventDate "2015.??.??"]

1. e4 e6 2. d4 d5 3. e5 c5 4. c3 Nc6 5. Nf3 Bd7 6. Bd3 Rc8 7. a3 cxd4 8. cxd4
Qb6 9. O-O Nxd4 10. Nxd4 Qxd4 11. Nc3 a6 12. Qe2 Qb6 13. Kh1 Ne7 14. f4 g6 15.
Be3 Qd8 16. Qf2 Bc6 17. b4 Nf5 18. Bb6 Qh4 19. g3 Qh3 20. Kg1 Be7 21. b5 axb5
22. Nxb5 O-O 23. Na7 Ra8 24. Nxc6 bxc6 25. a4 Rfb8 26. Rfc1 Rc8 27. a5 c5 28.
Bxf5 Qxf5 29. Bxc5 Rxc5 30. Rxc5 Bxc5 31. Qxc5 Qd3 1/2-1/2

[Event "SR 1. liga zapad 2015/2016"]
[Site "?"]
[Date "2016.02.20"]
[Round "8.6"]
[White "Vojtek, Vladimir"]
[Black "Schwarz, Dusan"]
[Result "1-0"]
[WhiteElo "2288"]
[BlackElo "2264"]
[PlyCount "167"]
[EventDate "2015.??.??"]

1. e4 d5 2. exd5 Qxd5 3. Nc3 Qa5 4. d4 c6 5. Bc4 Bf5 6. Bd2 e6 7. Qe2 Bb4 8. g4
Bg6 9. Nh3 Ne7 10. Nf4 Nd7 11. h4 h5 12. O-O-O O-O-O 13. Nxg6 Nxg6 14. a3 Bxc3
15. Bxc3 Qc7 16. gxh5 Nf4 17. Qf3 Rxh5 18. Rdg1 Nb6 19. Bb3 g6 20. Rg5 Rxg5 21.
hxg5 Nh5 22. Rh4 Rd7 23. Bd2 Qd8 24. c3 Nd5 25. Rh1 Qg8 26. c4 Ne7 27. Be3 Ng7
28. Kb1 Ngf5 29. d5 exd5 30. cxd5 Nxd5 31. Bxa7 Qd8 32. Bxd5 Rxd5 33. Qc3 Rd1+
34. Rxd1 Qxd1+ 35. Ka2 Qd5+ 36. Kb1 Nd6 37. Bb6 Qxg5 38. Qh8+ Kd7 39. Qb8 Qf6
40. Ka1 Ke6 41. Bc5 Qe5 42. Bxd6 Qxd6 43. Qxb7 f5 44. Qb3+ Qd5 45. Qg3 Kf6 46.
Qc3+ Kf7 47. b4 g5 48. Kb2 g4 49. a4 Ke6 50. a5 Qb5 51. Qe3+ Kd5 52. Qd2+ Ke4
53. Qe3+ Kd5 54. Qf4 Qd3 55. a6 Qe2+ 56. Kc3 Qxa6 57. Qxf5+ Kd6 58. Qf4+ Ke7
59. Qe4+ Kd6 60. Qg6+ Ke7 61. Qxg4 Qa3+ 62. Kd2 Qb2+ 63. Ke3 Qc3+ 64. Ke2 Qc2+
65. Kf1 Kd6 66. Qf4+ Kd5 67. Qf3+ Kd6 68. Kg2 Qc4 69. Kg3 Qg8+ 70. Qg4 Qb3+ 71.
Kh4 Qb2 72. Qf4+ Kd5 73. Kg4 Qe2+ 74. Qf3+ Qxf3+ 75. Kxf3 Kc4 76. Ke4 Kxb4 77.
f4 c5 78. f5 c4 79. f6 c3 80. f7 c2 81. f8=Q+ Kc3 82. Qa3+ Kd2 83. Qb2 Kd1 84.
Kd3 1-0

[Event "SR 1. liga zapad 2015/2016"]
[Site "?"]
[Date "2016.02.20"]
[Round "8.6"]
[White "Macko, Peter"]
[Black "Borik, Juraj"]
[Result "1/2-1/2"]
[WhiteElo "2146"]
[BlackElo "2157"]
[PlyCount "118"]
[EventDate "2015.??.??"]

1. e4 e5 2. Nf3 Nc6 3. d4 exd4 4. Nxd4 Nf6 5. Nc3 Bb4 6. Nxc6 bxc6 7. Bd3 O-O
8. O-O d6 9. Bg5 Qe7 10. f4 Qe6 11. Qf3 h6 12. Bh4 Nh7 13. h3 Rb8 14. Kh1 Bc5
15. b3 Bd4 16. Bc4 Qe8 17. Rae1 Be6 18. Qd3 c5 19. Nb5 Bxc4 20. bxc4 Qd7 21. e5
d5 22. Nxd4 dxc4 23. Qxc4 Qxd4 24. Qxd4 cxd4 25. Rb1 g5 26. Bf2 c5 27. f5 Rfe8
28. Bg3 Nf8 29. Rfe1 Rb6 30. Rb3 Nd7 31. Kg1 c4 32. Rxb6 axb6 33. Rd1 d3 34.
cxd3 Nxe5 35. Bxe5 Rxe5 36. dxc4 Rxf5 37. Rd6 b5 38. cxb5 Rxb5 39. Rxh6 Ra5 40.
Rf6 Kg7 41. Rf2 f5 42. Rc2 Ra6 43. Kf2 Ra3 44. Ke2 g4 45. hxg4 fxg4 46. Kd2 Kf6
47. Kc1 Ke5 48. Kb2 Re3 49. a4 Kd4 50. Kb1 Re1+ 51. Ka2 Re3 52. Kb2 g3 53. Kb1
Re8 54. Ra2 Re1+ 55. Kb2 Kc4 56. a5 Kb4 57. Kc2 Re2+ 58. Kb1 Re1+ 59. Kc2 Re2+
1/2-1/2

[Event "SR 1. liga zapad 2015/2016"]
[Site "?"]
[Date "2016.02.20"]
[Round "8.6"]
[White "Kovacik, Emil"]
[Black "Lecky, Juraj"]
[Result "1/2-1/2"]
[WhiteElo "2166"]
[BlackElo "2067"]
[PlyCount "35"]
[EventDate "2015.??.??"]

1. e4 c5 2. c3 d5 3. exd5 Qxd5 4. d4 g6 5. Nf3 Bg7 6. dxc5 Qxc5 7. Be3 Qc7 8.
Na3 a6 9. Nc4 Nd7 10. a4 b6 11. a5 b5 12. Nb6 Rb8 13. Nd5 Qb7 14. Be2 Ngf6 15.
Nb4 e5 16. O-O O-O 17. Qd6 Re8 18. Rfd1 1/2-1/2

[Event "SR 1. liga zapad 2015/2016"]
[Site "?"]
[Date "2016.02.20"]
[Round "8.6"]
[White "Bednar, Jan"]
[Black "Prasek, Ivan"]
[Result "0-1"]
[WhiteElo "2107"]
[BlackElo "2018"]
[PlyCount "72"]
[EventDate "2015.??.??"]

1. d4 Nf6 2. c4 g6 3. Nc3 Bg7 4. g3 O-O 5. Bg2 d6 6. Nf3 Nc6 7. O-O a6 8. e4
Bg4 9. h3 Bxf3 10. Bxf3 e5 11. d5 Nd4 12. Bg2 c5 13. dxc6 bxc6 14. Be3 Nd7 15.
Ne2 c5 16. Nc1 Rb8 17. Nd3 Qe7 18. Rb1 Nb6 19. b3 a5 20. Qd2 a4 21. f4 axb3 22.
axb3 Nxb3 23. Rxb3 Nxc4 24. Rxb8 Nxd2 25. Rxf8+ Kxf8 26. Bxd2 Qa7 27. Kh2 Qa6
28. Rf3 Qa2 29. Be1 Qe2 30. Bc3 c4 31. Nb4 exf4 32. Bxg7+ Kxg7 33. Rxf4 c3 34.
Rf3 c2 35. Rc3 Qd2 36. Na2 Qxc3 0-1

[Event "SR 1. liga zapad 2015/2016"]
[Site "?"]
[Date "2016.02.20"]
[Round "8.6"]
[White "Pupak, Tomas"]
[Black "Polacik, Igor"]
[Result "0-1"]
[WhiteElo "2040"]
[BlackElo "2131"]
[PlyCount "102"]
[EventDate "2015.??.??"]

1. Nf3 c5 2. b3 Nc6 3. Bb2 d6 4. g3 e5 5. d3 g6 6. Bg2 Bg7 7. e4 Nge7 8. Nbd2
O-O 9. O-O h6 10. a4 f5 11. exf5 Bxf5 12. Nc4 Qd7 13. Rb1 Rf7 14. h3 Raf8 15.
Kh2 g5 16. Qe2 Ng6 17. Ne3 Be6 18. Ng1 Nge7 19. Rbe1 a6 20. Ra1 Nf5 21. Nxf5
Rxf5 22. Be4 R5f6 23. Bg2 Qf7 24. f3 Qd7 25. Rae1 R6f7 26. Bc3 Bd5 27. Bb2 Qd8
28. Qd1 Qc7 29. c3 Qb6 30. c4 Be6 31. Bc3 Bf5 32. f4 exf4 33. Bxg7 fxg3+ 34.
Kxg3 Kxg7 35. Bd5 Rf6 36. Nf3 Qc7 37. h4 g4 38. Nd2 Bxd3 39. Rxf6 Rxf6 40. Re8
Ne5 41. Rg8+ Kh7 42. Qe1 Bg6 43. Ra8 Bf7 44. Qe4+ Kg7 45. Ra7 Bxd5 46. Qxd5 Rf7
47. Ra8 Qa5 48. Re8 Qc3+ 49. Kg2 Qh3+ 50. Kg1 Qg3+ 51. Kh1 Qe1+ 0-1

[Event "SR 1. liga zapad 2015/2016"]
[Site "?"]
[Date "2016.02.20"]
[Round "8.6"]
[White "Krajnak, Robert"]
[Black "Podoba, Milan"]
[Result "0-1"]
[WhiteElo "2118"]
[BlackElo "2057"]
[PlyCount "74"]
[EventDate "2015.??.??"]

1. c4 c6 2. Nf3 d5 3. e3 Nf6 4. b3 Bg4 5. Bb2 Nbd7 6. Be2 e6 7. d3 Bd6 8. Nbd2
O-O 9. Rc1 Qc7 10. h3 Bh5 11. O-O h6 12. Rc2 Rfe8 13. Qa1 Rad8 14. a3 Qb8 15.
b4 Rc8 16. Rfc1 Red8 17. Bf1 Bg6 18. Nb3 Ne8 19. Nh4 Bh7 20. f4 Be7 21. Nf3
dxc4 22. Rxc4 Nb6 23. Be5 Bd6 24. Rd4 Nd5 25. Re1 f6 26. Bxd6 Rxd6 27. Nc5 b6
28. Ne4 Rd7 29. Qa2 Rcd8 30. Ng3 Nec7 31. f5 Kf8 32. e4 Nb5 33. fxe6 Nxd4 34.
Nxd4 Qxg3 35. Rc1 Qe3+ 36. Qf2 Qxc1 37. e5 Qe3 0-1

[Event "SR 1. liga zapad 2015/2016"]
[Site "?"]
[Date "2016.02.20"]
[Round "8.6"]
[White "Sukuba, Zdeno"]
[Black "Nemsak, Denis"]
[Result "0-1"]
[WhiteElo "2133"]
[BlackElo "2105"]
[PlyCount "60"]
[EventDate "2015.??.??"]

1. c4 e5 2. Nc3 Nc6 3. g3 f5 4. Bg2 Nf6 5. d3 Bb4 6. Bd2 O-O 7. Nf3 Bxc3 8.
Bxc3 d6 9. O-O Qe8 10. e3 Qh5 11. Nd2 Qh6 12. f4 Ng4 13. Bd5+ Kh8 14. Qe2 exf4
15. gxf4 Bd7 16. Bf3 Rae8 17. Bxg4 fxg4 18. Ne4 Ne7 19. Ng3 b5 20. b3 bxc4 21.
bxc4 Ng6 22. Ne4 Nh4 23. Rae1 Nf3+ 24. Rxf3 gxf3 25. Qxf3 Bc6 26. Re2 Re6 27.
Rg2 Rg6 28. Kf2 Rxg2+ 29. Qxg2 d5 30. Ng5 d4 0-1

[Event "SR 1. liga zapad 2015/2016"]
[Site "?"]
[Date "2016.02.20"]
[Round "8.6"]
[White "Petrik, Karol"]
[Black "Bombek, Peter"]
[Result "0-1"]
[WhiteElo "2110"]
[BlackElo "2201"]
[PlyCount "112"]
[EventDate "2015.??.??"]

1. c4 e6 2. Nf3 d5 3. b3 Nf6 4. Bb2 c5 5. g3 Nc6 6. Bg2 Be7 7. O-O O-O 8. d3 b6
9. Nbd2 Bb7 10. e3 dxc4 11. dxc4 Qd3 12. Ne1 Qd7 13. Qe2 Rad8 14. Ne4 Nxe4 15.
Bxe4 f5 16. Bg2 Qd2 17. Qxd2 Rxd2 18. Bc3 Rd7 19. Nf3 Rfd8 20. Rac1 Bf6 21. h3
Kf7 22. g4 Bxc3 23. Rxc3 Kf6 24. Kh2 g5 25. Kg3 Rd3 26. Rxd3 Rxd3 27. Kh2 Nb4
28. Ra1 Bxf3 29. Bxf3 Rd2 30. gxf5 exf5 31. Kg3 Nxa2 32. Bb7 a5 33. h4 gxh4+
34. Kxh4 Rxf2 35. Kg3 Rb2 36. Rh1 Rxb3 37. Kf4 Nc3 38. Rh6+ Kg7 39. Rh3 Rb1 40.
Kxf5 Rf1+ 41. Ke5 a4 42. Be4 h6 43. Rg3+ Kf8 44. Bd5 Nxd5 45. Kxd5 a3 46. Rg2
Rb1 47. e4 Rb2 48. Rg3 a2 49. Ra3 Ke7 50. Ra7+ Kf6 51. e5+ Kf5 52. Rf7+ Kg6 53.
Ra7 h5 54. Ra8 h4 55. Kd6 h3 56. e6 Rd2+ 0-1